| 000 | 01134njm a2200289Ia 4500 | ||
|---|---|---|---|
| 001 | C6549 | ||
| 003 | IT-RoPAU | ||
| 005 | 20220918181207.0 | ||
| 008 | 131025s9999 xx 000 0 und d | ||
| 040 | _aIT-RoPAU | ||
| 040 | _cIT-RoPAU | ||
| 999 |
_c103518 _d103518 |
||
| 999 | _bn.d. | ||
| 100 |
_aRota Nino _95154 |
||
| 100 |
_eAutore musica _930215 |
||
| 100 |
_gCodice autore musica SPICS: 11128 _95156 |
||
| 245 | _aGrandi colonne sonore di Nino Rota (Le) | ||
| 250 | _a1a ed. | ||
| 260 | _aFIRENZE | ||
| 260 |
_bGIUNTI GRUPPO EDITORIALE _c1992 [1a Ed.:1992 - Ed. Lingua Orig.: 1992] |
||
| 300 | _aCOMPACT DISC | ||
| 300 | _c65 minuti (Testo: 0 pag.) | ||
| 500 | _aColonna sonora di film musicati da Nino Rota. Arrangiamenti di Carlo Savina. | ||
| 505 | _aLe notti di Cabiria - Rocco e i suoi fratelli - Otto e mezzo - Romeo e Giulietta - Waterloo - Il gattopardo - Amarcord - La strada - Satyricon - Roma - Guerra e pace - Il padrino. | ||
| 511 | _aGrande Orchestra dei Concerti della Radio e Televisione di Mosca diretta da Kazlaev Murad | ||
| 650 |
_aCOLONNA SONORA [COMPACT DISC] _eCodice MATERIA SPICS: 9949 _930216 |
||
| 942 |
_cCD _2ddc |
||